Score 0/24 Timer 08:00
1 Play Today
% Correct
Batman and The Joker, The Dark Knight
90.1%
Lilo and Stitch, Lilo & Stitch
90%
Rocky and Bullwinkle, The Adventures of Rocky and Bullwinkle
59.2%
Rhett and Scarlett, Gone With the Wind
58.4%
Taylor and Zira, Planet of the Apes
57.4%
The Grady Sisters, The Shining
57%
Turner and Hooch, Turner and Hooch
56.8%
Edward and Vivian, Pretty Woman
55.5%
Emmet and Wyldstyle, The Lego Movie
52%
The Monster and The Monster's Bride, Bride of Frankenstein
50.2%
Carl and Mr. Gopher, Caddyshack
47.1%
Andy and Red, The Shawshank Redemption
43.9%
% Correct
Pain and Panic, Hercules
42.4%
Kirk and Spock, Star Trek II: The Wrath of Khan
39.6%
Carl and Ellie, Up
39.2%
Ash and Pikachu, Pokémon
36.2%
Django and Dr. Schultz, Django Unchained
32.4%
Eliza Doolittle and Henry Higgins, My Fair Lady
29.5%
Marty and Doc, Back to the Future
29.1%
Indiana Jones and Short Round, Indiana Jones and the Temple of Doom
23.1%
Maximus and Juba, Gladiator
13.7%
Sam and Optimus, Transformers
6%
James and Sanborn, The Hurt Locker
5.1%
Will and Marcus, About a Boy
4.5%
Remove Ads.
Support Sporcle.
Get the best of Sporcle when you Go Orange. This ad-free experience offers more features, more stats, and more fun while also helping to support Sporcle. Thank you for becoming a member.

You're not logged in!

Compare scores with friends on all Sporcle quizzes.
OR
Log In

Sporcle TV

Today on Sporcle TV


Watch our educational content, quiz creation guides, and fun videos on Sporcle TV.

Show Comments

Extras

Top Quizzes Today


Score Distribution

Paid Content

Your Account Isn't Verified!

In order to create a playlist on Sporcle, you need to verify the email address you used during registration. Go to your Sporcle Settings to finish the process.

Report this User

Report this user for behavior that violates our Community Guidelines.

Details: